00395nam a2200109Ia 4500008004100000100002000041245009000061260003900151300001200190650001500202856006800217160712s9999 xx 000 0 und d aBarte, Rhenozo. cRhenozo BarteaFinancial Literacy in Micro-Enterprises: The Case of Cebu Fish Vendors c2012bPhilippine Management Review avol. 19 xMANAGEMENT uhttp://journals.upd.edu.ph/index.php/pmr/issue/view/306/showToc